Fuerza de trabajo y movimientos laborales en América Latina /
সংরক্ষণ করুন:
| প্রধান লেখক: | |
|---|---|
| অন্যান্য লেখক: | |
| বিন্যাস: | পাঠ্য |
| প্রকাশিত: |
México D.F:
El Colegio de México
|
| ট্যাগগুলো: |
ট্যাগ যুক্ত করুন
কোনো ট্যাগ নেই, প্রথমজন হিসাবে ট্যাগ করুন!
|
MARC
| LEADER | 00000 a a2200000 04500 | ||
|---|---|---|---|
| 001 | 23896 | ||
| 003 | |||
| 040 | |||
| 090 | |a 165100 | ||
| 100 | |a Kaztman, Rubén | ||
| 245 | |a Fuerza de trabajo y movimientos laborales en América Latina / |c Rubén Kaztman | ||
| 260 | |a México D.F: |b El Colegio de México | ||
| 300 | |a 337 p |b **no definido** |b map. | ||
| 700 | |a comp. |a Reyna, José Luis |a comp | ||
| 999 | |c 17505 |d 17505 | ||
